Reality-centered people management : key to improved productivity /

Bibliographic Details
Main Author: Stanton, Erwin Schoenfeld
Format: Book
Language:English
Published: New York, N.Y. : AMACOM, [1982]
Edition:[AMA membership ed.].
Subjects:

MARC

Tag First Indicator Second Indicator Subfields
LEADER 00000pam a2200000 a 4500
001 in00000090764
005 20150923131112.0
008 820303s1982 nyua b 00110 eng
010 |a  81069368  
020 |a 0814456766 :  |c $14.95 
035 |a (OCoLC)08112736 
035 |9 AAK6603AM 
039 0 |a 2  |b 3  |c 3  |d 3  |e 3 
040 |a DLC  |c DLC  |d TXA  |d UtOrBLW 
049 |a TXAM  |c [1806021] 
050 0 0 |a HF5549.5 M63  |b  S69 1982 
082 0 |a 658.3/14  |2 19 
100 1 |a Stanton, Erwin Schoenfeld. 
245 1 0 |a Reality-centered people management :  |b key to improved productivity /  |c Erwin S. Stanton. 
250 |a [AMA membership ed.]. 
264 1 |a New York, N.Y. :  |b AMACOM,  |c [1982] 
264 4 |c ©1982 
300 |a x, 150 pages :  |b illustrations ;  |c 22 cm. 
336 |a text  |b txt  |2 rdacontent 
337 |a unmediated  |b n  |2 rdamedia 
338 |a volume  |b nc  |2 rdacarrier 
500 |a Includes index. 
504 |a Bibliography: pages 145-146. 
650 0 |a Employee motivation. 
650 0 |a Labor productivity. 
650 0 |a Personnel management. 
999 |a MARS 
999 f f |s c7a47c61-3772-325f-bfc4-6ebdd787172f  |i b23a5416-9146-3ed9-ab1a-71bfdfda1aca  |t 0 
952 f f |p ric  |a Texas A&M University  |b Rellis Campus  |c Joint Library Facility  |d Remote Storage  |t 0  |e HF5549.5 M63 S69 1982  |h Library of Congress classification  |i unmediated -- volume  |m A14806001027 
998 f f |a HF5549.5 M63 S69 1982  |t 0  |l Remote Storage